[Event "ICS rated blitz match"]
[Site "207.99.83.227"]
[Date "1999.04.17"]
[Round "?"]
[White "Hossa"]
[Black "lunarlander"]
[Result "1/2-1/2"]
[WhiteElo "2451"]
[BlackElo "2132"]
[PlyCount "89"]

1. e4 e6 2. Nf3 d5 3. Nc3 dxe4 4. Nxe4 Nd7 5. d4 Ngf6 6. Bd3 Be7 7. Nxf6+ Bxf6
8. O-O c5 9. c3 cxd4 10. cxd4 O-O 11. Qc2 g6 12. Bf4 Nb6 13. Bc7 Qe7 14. Bxb6
axb6 15. Qc4 Bd7 16. Qc7 Bc6 17. Qxe7 Bxe7 18. Ne5 Rfc8 19. Bc4 b5 20. Bb3 Kf8
21. Rae1 Rd8 22. Rd1 Rac8 23. Rfe1 Rd6 24. Rd3 Rcd8 25. Red1 Bf6 26. f4 Bg7 27.
Kh1 h6 28. R3d2 Kg8 29. Kg1 Kf8 30. a3 Kg8 31. g3 Kf8 32. Bc2 Kg8 33. h4 Kf8
34. Bb3 Kg8 35. Kh2 Kf8 36. g4 Kg8 37. g5 h5 38. Kg1 Kf8 39. Bc2 Kg8 40. b3 Kf8
41. Kh2 Kg8 42. Kg1 Kf8 43. Kh2 Kg8 44. Kg1 Kf8 45. Kh2 {
Game drawn by repetition} 1/2-1/2

[Event "ICS rated bullet match"]
[Site "207.99.83.227"]
[Date "1999.04.17"]
[Round "?"]
[White "Hossa"]
[Black "SuperChicken"]
[Result "0-1"]
[WhiteElo "2467"]
[BlackElo "2665"]
[Annotator "Crafty v16.6"]
[PlyCount "160"]

{annotating for player ossa  using a scoring margin of +0.10 pawns.  search
time limit is 10.00} 1. e4 1... e5 2. Nf3 Nc6 3. Bb5 a6 4. Ba4 ({9:-0.15} 4.
Ba4 4... Bc5 5. O-O Nge7 6. c3 O-O 7. d4 Bd6 8. Bg5 $10) ({9:+0.11} 4. Bxc6
4... dxc6 5. Nc3 Qd6 6. d4 exd4 7. Nxd4 c5 8. Nf5 Qxd1+ 9. Kxd1 Ne7 10. Re1 $10
) 4... Nf6 5. Bxc6 ({9:-0.43} 5. Bxc6 5... dxc6 6. Nc3 Bc5 7. Na4 Ba7 8. O-O
Qd6 9. Ng5 9... O-O $15) ({9:-0.08} 5. O-O 5... b5 6. Bb3 Bc5 7. a4 b4 8. Bd5
Qe7 9. Bxc6 9... dxc6 $10) 5... dxc6 6. d3 Bc5 7. O-O Qe7 8. Be3 ({9:-0.77} 8.
Be3 8... Bxe3 9. fxe3 Bg4 10. Nbd2 O-O-O 11. Nc4 Nd7 12. h3 12... Bh5 $17) ({
9:-0.21} 8. Nbd2 8... O-O 9. Nc4 Bd6 10. d4 Nxe4 11. dxe5 Bc5 12. Bf4 $10) 8...
Bxe3 9. fxe3 Bg4 10. Nc3 ({9:-0.90} 10. Nc3 10... O-O-O 11. Qe1 Kb8 12. Na4
Bxf3 13. Rxf3 Ng4 14. Qa5 14... Qh4 $17) ({9:-0.76} 10. Nbd2 10... O-O 11. Qe1
Rad8 12. Qg3 Rfe8 13. Nc4 Bxf3 14. Qxf3 14... Qe6 $17) 10... O-O-O 11. Qc1 ({
9:-0.96} 11. Qc1 11... Kb8 12. Nh4 g6 13. Qd2 Rhe8 14. Nf3 Qd6 15. Rae1 $17) ({
9:-0.82} 11. Qe1 11... Kb8 12. Na4 Rhf8 13. Qa5 Nd7 14. Rae1 f5 15. Nc3 $17)
11... Kb8 12. Kh1 ({8:-1.06} 12. Kh1 12... Rd6 13. h3 Bd7 14. Qd2 Rd8 15. Rae1
15... c5 $17) ({8:-0.92} 12. h3 12... Bxf3 13. Rxf3 Qe6 14. g4 g5 15. Rf5 h6
16. Qd2 $17) 12... Rd7 13. Qb1 Rhd8 14. b4 Nh5 15. Qb3 Qd6 16. Rae1 Be6 17. Qa4
f6 18. Rc1 Bg4 19. Qa5 h6 20. a4 Qe7 21. Nh4 g6 22. b5 Qc5 23. Rb1 cxb5 24.
axb5 g5 25. Nf5 Bxf5 26. Rxf5 Rd6 27. Qa1 axb5 28. d4 Qc4 29. Nxb5 Rb6 30. Qa7+
Kc8 31. Qa5 Qxc2 32. Rff1 exd4 33. Na7+ Kb8 34. Rxb6 cxb6 35. Qxb6 Re8 36. Qd6+
Qc7 37. Qxc7+ Kxc7 38. Nb5+ Kd7 39. exd4 Rxe4 40. g3 Kc6 41. Na7+ Kd5 42. Nb5
Re3 43. Kg2 Rd3 44. Rf2 Kc4 45. Nd6+ Kxd4 46. Nxb7 Ke5 47. Re2+ Kf5 48. Nc5 Rd5
49. Ne6 g4 50. Nc7 Re5 51. Rd2 Kg5 52. Kf2 Ng7 53. Rd7 Ne6 54. Nxe6+ Rxe6 55.
Rg7+ Kf5 56. Rh7 Kg6 57. Rd7 h5 58. Rc7 Re4 59. Kf1 f5 60. Rd7 f4 61. gxf4
Rxf4+ 62. Ke2 Re4+ 63. Kd1 h4 64. Kd2 h3 65. Rd6+ Kf5 66. Rd5+ Kf4 67. Rd7 Kf3
68. Kd3 g3 69. hxg3 Ra4 70. g4 h2 71. Rh7 Kg2 72. Kc2 Rxg4 73. Rd7 h1=Q 74.
Rd2+ Kf3 75. Rd3+ Ke2 76. Rd6 Qe4+ 77. Kb2 Qb4+ 78. Ka2 Qa4+ 79. Kb2 Qb5+ 80.
Kc3 Rc4# 0-1

[Event "ICS rated blitz match"]
[Site "207.99.83.227"]
[Date "1999.04.17"]
[Round "?"]
[White "ColonialPast"]
[Black "Hossa"]
[Result "1-0"]
[WhiteElo "2213"]
[BlackElo "2439"]
[Annotator "Crafty v16.6"]
[PlyCount "122"]

{annotating for player ossa  using a scoring margin of +0.10 pawns.  search
time limit is 10.00} 1. e4 1... e5 2. Nf3 Nc6 3. Bb5 a6 4. Ba4 Nf6 5. O-O Be7
6. Bxc6 dxc6 7. d3 Bg4 8. h3 Bxf3 9. Qxf3 O-O 10. Nd2 Qd7 11. Nc4 Qe6 12. b3 b5
({8:-0.39} 12... b5 13. Ne3 Bc5 14. c4 Bd4 15. Ba3 Rfd8 16. Rae1 $14) ({8:-0.21
} 12... Bc5 13. Bb2 Nd7 14. Nd2 Bd4 15. c3 Qh6 16. Nc4 $10) 13. Ne3 Bb4 14. Bb2
Kh8 15. Qf5 Qxf5 16. Nxf5 Rae8 17. g4 Nd7 18. Kg2 g6 19. Ne3 Bc5 20. Rae1 Bd4
21. Bxd4 exd4 22. Nd1 a5 23. f4 Nc5 24. Nf2 Rg8 25. e5 h5 26. g5 Kh7 27. Ne4
Nd7 28. Re2 b4 29. Rfe1 Rgf8 30. Nf6+ Nxf6 31. exf6 Rxe2+ 32. Rxe2 Kg8 33. Re5
Ra8 34. Kf3 Rb8 35. Rxa5 Re8 36. Re5 Ra8 37. Rc5 Ra6 38. Rc4 Rb6 39. Ke4 Kf8
40. Kxd4 Kg8 41. c3 bxc3 42. Kxc3 Kf8 43. a4 Ra6 44. Rb4 Ra8 45. Rb7 Rc8 46.
Kc4 Ke8 47. a5 Kd7 48. a6 Ra8 49. a7 Kd6 50. d4 h4 51. b4 Ke6 52. Rxc7 Kf5 53.
Rxf7 Kxf4 54. Re7 Kg3 55. f7 Kxh3 56. Re8 Rxa7 57. f8=Q Ra2 58. Qf3+ Kh2 59.
Re2+ Rxe2 60. Qxe2+ Kg3 61. Qe1+ Kg4 1-0

[Event "ICS rated bullet match"]
[Site "207.99.83.227"]
[Date "1999.04.17"]
[Round "?"]
[White "Monopoly"]
[Black "Hossa"]
[Result "1-0"]
[WhiteElo "2681"]
[BlackElo "2459"]
[Annotator "Crafty v16.6"]
[PlyCount "169"]

{annotating for player ossa  using a scoring margin of +0.10 pawns.  search
time limit is 10.00} 1. d4 1... Nf6 2. c4 g6 3. Nc3 Bg7 4. e4 d6 5. f3 O-O 6.
Be3 e5 7. d5 Na6 8. Qd2 Bd7 9. Nge2 c6 10. dxc6 Bxc6 11. Ng3 Nb4 ({7:-0.61} 
11... Nb4 12. Rd1 Qa5 13. a3 Na6 14. Qxd6 14... Rad8 $14) ({7:-0.29} 11... Nc5
12. h4 Qa5 13. Qxd6 Nb3 14. Rd1 14... Rad8 $10) 12. Rd1 Qa5 ({8:-1.49} 12...
Qa5 13. a3 Na6 14. b4 Nxb4 15. axb4 Qxb4 16. Kf2 $16) ({8:-0.94} 12... Nd7 13.
a3 Na6 14. Qxd6 Qc7 15. Kf2 Qxd6 16. Rxd6 16... Nac5 $16) 13. a3 Na6 14. b4
Qxa3 15. b5 Nb4 16. bxc6 bxc6 17. Be2 Rab8 18. O-O a6 19. Bg5 Rfd8 20. Ra1 Qb3
21. Rfb1 Qc2 22. Qxc2 Nxc2 23. Rxb8 Rxb8 24. Rxa6 Nd4 25. Bf1 Nd7 26. Nce2 Nc5
27. Ra7 Nde6 28. Be3 Bf6 29. Bxc5 Nxc5 30. Rc7 Rb6 31. Kf2 Nd3+ 32. Ke3 Rb3 33.
Nc3 Nc1 34. Kd2 Bg5+ 35. Kc2 Rb6 36. c5 dxc5 37. Na4 Rb4 38. Nxc5 Rd4 39. Rxc6
Rd2+ 40. Kc3 Kg7 41. Rc7 Na2+ 42. Kb3 Be3 43. Ka3 Nc1 44. Kb4 Rb2+ 45. Kc4 h5
46. h4 Bf2 47. Nh1 Bxh4 48. Rd7 Na2 49. Nb3 Be1 50. Rb7 Nc3 51. Kc5 Kh6 52. Kd6
Nd1 53. Kxe5 Ne3 54. Bd3 Nxg2 55. Kd6 Nh4 56. e5 Rh2 57. Rxf7 Rxh1 58. e6 Bg3+
59. Kd7 Rd1 60. Nc5 Bf2 61. e7 Bxc5 62. e8=Q Rxd3+ 63. Kc6 Rxf3 64. Rxf3 Nxf3
65. Kxc5 Nh4 66. Kd4 Nf5+ 67. Ke5 Kg5 68. Qd8+ Kg4 69. Qf6 Nh4 70. Qf4+ Kh3 71.
Kf6 Ng2 72. Qe4 h4 73. Kxg6 Kg3 74. Kg5 Kh2 75. Qf3 Kg1 76. Qh3 Kf2 77. Kg4 Kg1
78. Kf3 Ne1+ 79. Ke4 Ng2 80. Qg4 Kh2 81. Kf3 Nf4 82. Kxf4 Kh1 83. Kf3 h3 84.
Qxh3+ Kg1 85. Qg2# 1-0

[Event "ICS rated blitz match"]
[Site "207.99.83.227"]
[Date "1999.04.17"]
[Round "?"]
[White "ColonialPast"]
[Black "Hossa"]
[Result "1-0"]
[WhiteElo "2213"]
[BlackElo "2414"]
[Annotator "Crafty v16.6"]
[PlyCount "78"]

{annotating for player ossa  using a scoring margin of +0.10 pawns.  search
time limit is 10.00} 1. e4 1... d6 2. d4 Nf6 3. Nc3 Nbd7 4. Nf3 e5 5. dxe5 dxe5
6. Bc4 Bb4 7. O-O Bxc3 8. bxc3 Qe7 9. a4 Nxe4 10. Ba3 c5 ({8:+0.52} 10... c5
11. Re1 Nd6 12. Bb3 O-O 13. Qd5 Re8 14. Bxc5 Nxc5 15. Qxc5 $15) ({8:+0.76} 
10... Nd6 11. Bxd6 cxd6 12. Nd2 Nc5 13. Bb5+ Bd7 14. Nc4 Ne4 15. Qd5 $17) 11.
Re1 Nxc3 ({8:-1.12} 11... Nxc3 12. Qd3 Nxa4 13. Bb5 O-O 14. Bxa4 Rd8 15. Bxd7
Qxd7 16. Nxe5 Qxd3 17. cxd3 $16) ({8:-0.03} 11... Nef6 12. Qe2 O-O 13. Nxe5 Re8
14. Nxd7 Qxd7 15. Qd3 b6 16. Rxe8+ 16... Qxe8 $10) 12. Qd3 Nxa4 13. Bb5 f6 14.
Bxa4 O-O 15. Nd2 Kh8 16. Ne4 f5 17. Qd6 Rf7 18. Qxe7 Rxe7 19. Nxc5 Nb6 20. Bb3
e4 21. Rad1 h6 22. f3 e3 23. f4 Re8 24. Rd3 e2 25. Rd2 Rb8 26. Rdxe2 Rxe2 27.
Rxe2 a5 28. Re7 a4 29. Ba2 h5 30. Bb2 Kh7 31. Rxg7+ Kh6 32. Rf7 Na8 33. Be5 b6
34. Bxb8 bxc5 35. Bd6 c4 36. Bxc4 Nb6 37. Bd3 Kg6 38. Ra7 Nd5 39. Be5 h4 1-0

[Event "ICS rated blitz match"]
[Site "207.99.83.227"]
[Date "1999.04.17"]
[Round "?"]
[White "Hossa"]
[Black "euri"]
[Result "1-0"]
[WhiteElo "2392"]
[BlackElo "2040"]
[PlyCount "45"]

1. e4 c5 2. Bc4 e6 3. Nc3 Nc6 4. Nf3 a6 5. a4 Qc7 6. O-O Nf6 7. Re1 d6 8. d3
Be7 9. Ba2 O-O 10. Ne2 b5 11. c3 Bb7 12. Nf4 Ne5 13. Ng5 h6 14. Nfxe6 fxe6 15.
Nxe6 Qb6 16. a5 Qa7 17. Nxf8+ Kxf8 18. f4 Ned7 19. e5 Nd5 20. Qg4 Rd8 21. Qf5+
Kg8 22. Bxd5+ Bxd5 23. exd6 {euri resigns} 1-0

[Event "ICS Rated blitz match"]
[Site "207.99.83.227"]
[Date "1999.04.17"]
[Round "?"]
[White "euri"]
[Black "Hossa"]
[Result "0-1"]
[WhiteElo "2036"]
[BlackElo "2396"]
[PlyCount "96"]

1. e4 d6 2. d4 Nf6 3. Nc3 Nbd7 4. Be3 e5 5. f3 Be7 6. Qd2 exd4 7. Bxd4 O-O 8.
O-O-O Ne5 9. Kb1 Be6 10. h3 Nc6 11. Be3 Qb8 12. g4 Rc8 13. g5 Nd7 14. Nge2 Nde5
15. Bg2 Nc4 16. Qc1 Nxe3 17. Qxe3 Bc4 18. h4 Ne5 19. Bh3 Re8 20. f4 Bxe2 21.
Qxe2 Ng6 22. Qf2 Bf8 23. h5 Ne7 24. Nd5 Nxd5 25. exd5 Qd8 26. Rhg1 Kh8 27. g6
fxg6 28. hxg6 h6 29. Be6 Qf6 30. f5 a5 31. Qd4 Qxd4 32. Rxd4 b5 33. a4 bxa4 34.
Rxa4 Be7 35. Rg3 Bf6 36. Rga3 Reb8 37. c3 Rb5 38. Kc2 Rab8 39. b3 Rc5 40. c4
Ra8 41. Kd3 Rb8 42. Bd7 Bb2 43. Bb5 Bxa3 44. Rxa3 Rbxb5 45. cxb5 Rxd5+ 46. Kc4
Rc5+ 47. Kd4 Rxb5 48. Ke4 48... Kg8 {euri resigns} 0-1

[Event "ICS rated blitz match"]
[Site "207.99.83.227"]
[Date "1999.04.17"]
[Round "?"]
[White "TheGMNorm"]
[Black "Hossa"]
[Result "0-1"]
[WhiteElo "2101"]
[BlackElo "2400"]
[PlyCount "126"]

1. d4 Nf6 2. c4 g6 3. g3 Bg7 4. Bg2 O-O 5. e4 Nc6 6. Ne2 d6 7. Nbc3 e5 8. d5
Na5 9. b3 Bg4 10. f3 Bd7 11. Be3 Qc8 12. O-O Bh3 13. Qd2 Bxg2 14. Kxg2 Kh8 15.
Rac1 Rg8 16. c5 dxc5 17. Bxc5 Qd7 18. Be3 Rad8 19. Rfd1 Ne8 20. Qd3 a6 21. Na4
Qb5 22. Nc5 Nd6 23. a4 Qxd3 24. Rxd3 Ra8 25. Bd2 b6 26. Bxa5 bxa5 27. Rdc3 Ra7
28. Nd3 Rc8 29. Rc6 Ne8 30. Nb2 Rb8 31. R1c3 Bf8 32. Nc4 f6 33. Nc1 Bb4 34. Rc2
Nd6 35. Kf2 Nxc4 36. R2xc4 Bd6 37. Ke2 h5 38. Kd3 Rbb7 39. Kc2 g5 40. Nd3 Ra8
41. Nc5 Rb6 42. Ne6 Rxc6 43. Rxc6 Ra7 44. Nc5 h4 45. Kc3 Kg8 46. Kc4 Kh7 47.
Nxa6 hxg3 48. hxg3 Rb7 49. Nc5 Rb4+ 50. Kc3 g4 51. fxg4 Kg6 52. Ne6 Rxe4 53.
Nxc7 Bxc7 54. Rxc7 Rxg4 55. d6 Rxg3+ 56. Kc4 e4 57. d7 Rd3 58. Kc5 e3 59. Kc6
e2 60. d8=Q Rxd8 61. Re7 Rd2 62. Kb5 Rd5+ 63. Kc6 63... Re5 {TheGMNorm resigns}
0-1

[Event "ICS rated blitz match"]
[Site "207.99.83.227"]
[Date "1999.04.17"]
[Round "?"]
[White "DmanI"]
[Black "Hossa"]
[Result "0-1"]
[WhiteElo "1949"]
[BlackElo "2405"]
[PlyCount "69"]

1. d4 Nf6 2. Nf3 e6 3. c3 Be7 4. Nbd2 d5 5. e3 O-O 6. Bd3 b6 7. e4 dxe4 8. Nxe4
Nbd7 9. Nfg5 Bb7 10. Qe2 c5 11. dxc5 Nxc5 12. Nxc5 Bxc5 13. Ne4 Bxe4 14. Bxe4
Nxe4 15. Qxe4 Qd5 16. Qxd5 exd5 17. O-O Rfe8 18. Bf4 Re4 19. Bg3 Re2 20. Rfd1
Rxb2 21. Rxd5 Re8 22. a4 h6 23. h3 Rc2 24. Rd3 Ree2 25. Rf3 Red2 26. a5 b5 27.
a6 Rb2 28. Rc1 Kf8 29. Rf5 Bb6 30. c4 bxc4 31. Rxc4 Ra2 32. Re5 f6 33. Rf5 Rxa6
34. Rc8+ Kf7 35. Rd5 {DmanI resigns} 0-1

[Event "ICS rated blitz match"]
[Site "207.99.83.227"]
[Date "1999.04.17"]
[Round "?"]
[White "DmanI"]
[Black "Hossa"]
[Result "0-1"]
[WhiteElo "1945"]
[BlackElo "2423"]
[PlyCount "47"]

1. d4 Nf6 2. Nf3 e6 3. Bf4 c5 4. c3 cxd4 5. cxd4 Bb4+ 6. Bd2 Nc6 7. a3 Bxd2+ 8.
Nbxd2 O-O 9. e4 d6 10. Bd3 e5 11. d5 Ne7 12. O-O Bg4 13. h3 Bxf3 14. Qxf3 Ng6
15. g3 Nd7 16. b4 Qg5 17. Nc4 Nf4 18. Kh2 Nxd3 19. Qxd3 Qg6 20. f4 Rae8 21. f5
Qh6 22. Rac1 Nf6 23. Kg2 Rc8 24. Nxd6 {DmanI resigns} 0-1

[Event "ICS rated blitz match"]
[Site "207.99.83.227"]
[Date "1999.04.17"]
[Round "?"]
[White "Hossa"]
[Black "lito"]
[Result "1-0"]
[WhiteElo "2425"]
[BlackElo "2082"]
[PlyCount "21"]

1. e4 e5 2. Nf3 Nc6 3. Bc4 Bc5 4. c3 Nf6 5. d4 exd4 6. e5 Ne4 7. Qe2 d5 8. exd6
O-O 9. dxc7 Qxc7 10. Qxe4 dxc3 11. Nxc3 {lito resigns} 1-0

[Event "ICS rated bullet match"]
[Site "207.99.83.227"]
[Date "1999.04.17"]
[Round "?"]
[White "TDChess"]
[Black "Hossa"]
[Result "1-0"]
[WhiteElo "2504"]
[BlackElo "2452"]
[Annotator "Crafty v16.6"]
[PlyCount "151"]

{annotating for player ossa  using a scoring margin of +0.10 pawns.  search
time limit is 10.00} 1. d4 1... Nf6 2. Nf3 e6 3. e3 Be7 4. Nc3 O-O 5. Bd3 d5 6.
O-O c5 7. b3 Nc6 8. Ne5 Nb4 9. Bb5 a6 10. Be2 Qc7 11. Bb2 Bd6 12. f4 cxd4 13.
exd4 b6 14. Qd2 Bb7 15. a3 Nc6 16. Na2 Ne4 17. Qd3 f6 18. Nxc6 Bxc6 19. Bc1
Rae8 20. Qxa6 Ra8 21. Qd3 Bxa3 22. Bxa3 Rxa3 23. Nb4 Rxa1 24. Rxa1 Bd7 25. f5
Nc3 26. Bf3 Rc8 27. fxe6 Bxe6 28. Qe3 Bf7 29. Bg4 Re8 30. Qd3 Kh8 31. Kh1 Re4
32. Bf5 Re8 33. Na6 Qf4 34. Rf1 Qe3 35. Bxh7 Qe2 36. Bf5 Re3 37. Qxe2 Nxe2 38.
Bd3 Nxd4 39. Nb4 Kg8 40. Ra1 g6 41. Kg1 Kg7 42. Ra7 Re1+ 43. Kf2 Re5 44. Rb7
Rh5 45. Ke3 Nf5+ 46. Bxf5 Rxf5 47. Nc6 Kf8 48. Rxb6 Rh5 49. Rb8+ Kg7 50. h3 Rg5
51. g4 Kh6 52. Kf4 Be6 53. Rb6 Kg7 54. Ra6 Kh6 55. Nd8 Bg8 56. Rxf6 d4 57. Rf8
d3 58. Rxg8 dxc2 59. Nf7+ Kh7 60. Rc8 Rb5 61. Rxc2 Rb4+ 62. Kg5 Rb5+ 63. Kh4
Kg8 64. Ng5 Kg7 65. Rc7+ Kh8 66. Rc6 Kg7 67. Ne6+ Kh7 68. Nf8+ Kg7 69. Nxg6
Rxb3 70. g5 Rb4+ 71. Kh5 Rb3 72. Rc7+ Kg8 73. h4 Rf3 74. Kh6 Rf7 75. Rc8+ Rf8
76. Rxf8# 1-0

[Event "ICS rated blitz match"]
[Site "207.99.83.227"]
[Date "1999.04.17"]
[Round "?"]
[White "DmanI"]
[Black "Hossa"]
[Result "0-1"]
[WhiteElo "1962"]
[BlackElo "2429"]
[PlyCount "56"]

1. d4 Nf6 2. Nf3 e6 3. c4 Be7 4. Nc3 O-O 5. e4 d5 6. cxd5 exd5 7. e5 Ne4 8. Bd3
Bb4 9. Bd2 Nxd2 10. Qxd2 Bg4 11. Qf4 Bxc3+ 12. bxc3 Qc8 13. h3 Bxf3 14. gxf3
Qe6 15. Ke2 c5 16. Rag1 Qb6 17. Qg5 Qb2+ 18. Ke3 g6 19. h4 c4 20. e6 Qxc3 21.
exf7+ Rxf7 22. Qd8+ Kg7 23. Rd1 Nc6 24. Qxa8 Nxd4 25. Rh3 Re7+ 26. Kf4 Ne2+ 27.
Bxe2 Qe5+ 28. Kg4 28... h5# {DmanI checkmated} 0-1

[Event "ICS rated blitz match"]
[Site "207.99.83.227"]
[Date "1999.04.17"]
[Round "?"]
[White "TheGMNorm"]
[Black "Hossa"]
[Result "0-1"]
[WhiteElo "2139"]
[BlackElo "2438"]
[PlyCount "96"]

1. d4 Nf6 2. c4 g6 3. g3 Bg7 4. Bg2 O-O 5. e4 Nc6 6. Ne2 d6 7. O-O e5 8. d5 Ne7
9. Nbc3 Kh8 10. h3 Nh5 11. Be3 f5 12. Qd2 fxe4 13. Nxe4 Nf6 14. N2c3 Nxe4 15.
Nxe4 Bd7 16. Bh6 Bxh6 17. Qxh6 Nf5 18. Qg5 Qxg5 19. Nxg5 Nd4 20. h4 h6 21. Bh3
Nf3+ 22. Kg2 hxg5 23. Bxd7 gxh4 24. Rh1 e4 25. gxh4 Ne5 26. Ba4 Nxc4 27. Bc2 e3
28. Raf1 Nd2 29. fxe3 Nxf1 30. Rxf1 Rxf1 31. Kxf1 Kg7 32. Kg2 Rh8 33. Kg3 Rh5
34. e4 g5 35. hxg5 Rxg5+ 36. Kf3 a5 37. a4 Kf6 38. Bd3 Ke5 39. b3 Kd4 40. Kf4
Rxd5 41. exd5 Kxd3 42. Kf5 Kc2 43. Ke6 Kxb3 44. Kd7 c6 45. dxc6 bxc6 46. Kxd6
Kxa4 47. Kxc6 Kb4 48. Kd5 48... Kc3 {TheGMNorm resigns} 0-1

[Event "ICS rated blitz match"]
[Site "207.99.83.227"]
[Date "1999.04.17"]
[Round "?"]
[White "Hossa"]
[Black "blunite"]
[Result "0-1"]
[WhiteElo "2443"]
[BlackElo "2198"]
[Annotator "Crafty v16.6"]
[PlyCount "89"]

{annotating for player ossa  using a scoring margin of +0.10 pawns.  search
time limit is 10.00} 1. e4 1... e5 2. Nf3 Nc6 3. Bb5 a6 4. Bxc6 dxc6 5. d3 Bc5
6. O-O f6 7. Be3 ({9:+0.01} 7. Be3 7... Bxe3 8. fxe3 Nh6 9. d4 Ng4 10. dxe5
Nxe3 11. Qxd8+ Kxd8 12. Rf2 Bg4 13. exf6 13... gxf6 $10) ({9:+0.20} 7. Qe2 7...
Bg4 8. Be3 Bd6 9. h3 Be6 10. d4 Ne7 11. dxe5 11... fxe5 $10) 7... Bb6 8. Nh4
Ne7 9. Qh5+ g6 10. Qh6 Kf7 11. Bxb6 cxb6 12. Nc3 Qf8 13. Qe3 g5 14. Nf3 Qd8 15.
Rae1 c5 16. Rb1 a5 17. Nb5 Be6 18. a3 Qd7 19. a4 h6 20. Rbe1 Rad8 21. Kh1 Ng6
22. Rc1 Kg7 23. Rg1 h5 24. Rcf1 h4 25. Qd2 Rh5 26. Qe2 Rdh8 27. b4 axb4 28. Qd1
Bg4 29. h3 Be6 30. Kh2 g4 31. hxg4 Bxg4 32. Re1 Nf4 33. Kh1 Kf8 34. Ref1 h3 35.
g3 h2 36. Rg2 Nxg2 37. Qe2 Nf4 38. gxf4 Rh3 39. Nxe5 fxe5 40. f3 Bh5 41. f5 Rg8
42. Qg2 Rxg2 43. Kxg2 Rxf3 44. Rxf3 Bxf3+ 45. Kxf3 0-1

[Event "ICS rated blitz match"]
[Site "207.99.83.227"]
[Date "1999.04.17"]
[Round "?"]
[White "Hossa"]
[Black "karlblau"]
[Result "1-0"]
[WhiteElo "2403"]
[BlackElo "1959"]
[PlyCount "73"]

1. e4 c6 2. Nc3 d5 3. exd5 cxd5 4. Bb5+ Nc6 5. Nf3 Nf6 6. O-O Bg4 7. Bxc6+ bxc6
8. d4 e6 9. Qd3 Be7 10. Ne5 Bh5 11. Nxc6 Qc7 12. Nxe7 Qxe7 13. Qb5+ Qd7 14. Bg5
Qxb5 15. Nxb5 O-O 16. Bxf6 gxf6 17. Na3 Rfc8 18. f3 Rab8 19. Rab1 Bg6 20. Rf2
Rb4 21. Rd2 a5 22. Kf2 a4 23. g4 h5 24. gxh5 Bxh5 25. c3 Rb7 26. Ke3 Bg6 27.
Rg1 Rcb8 28. Rgg2 Kf8 29. c4 dxc4 30. Nxc4 Ke7 31. d5 exd5 32. Rxd5 Bb1 33. Nd6
Rxb2 34. Nc8+ Ke6 35. Rd6+ Ke5 36. f4+ Kf5 37. Ne7# {karlblau checkmated} 1-0

[Event "ICS Rated blitz match"]
[Site "207.99.83.227"]
[Date "1999.04.17"]
[Round "?"]
[White "Hossa"]
[Black "totoff"]
[Result "1-0"]
[WhiteElo "2405"]
[BlackElo "2314"]
[PlyCount "78"]

1. e4 e6 2. Nf3 c5 3. Bb5 a6 4. Be2 Nc6 5. Nc3 b5 6. d4 cxd4 7. Nxd4 Bb7 8. O-O
Qc7 9. a3 Nf6 10. Bg5 Nxd4 11. Qxd4 Bc5 12. Qd3 Qe5 13. Bxf6 gxf6 14. Rad1 Rd8
15. Kh1 Rg8 16. f4 Qc7 17. Qh3 Rg7 18. Qh6 Kf8 19. Qxf6 Be7 20. Qd4 Bc5 21. Qd3
Kg8 22. f5 Kh8 23. fxe6 fxe6 24. Rf6 Rdg8 25. Bf3 Ba7 26. g3 Qe5 27. Rh6 Qg5
28. Rh5 Qf6 29. Rf1 Qg6 30. Rh4 Rf8 31. Bh5 Rxf1+ 32. Qxf1 Qg5 33. Rg4 Qxg4 34.
Bxg4 Rxg4 35. Qf6+ Rg7 36. Qd8+ Rg8 37. Qxd7 Rb8 38. g4 e5 39. Nd5 39... Bd4 {
totoff resigns} 1-0

[Event "ICS rated blitz match"]
[Site "207.99.83.227"]
[Date "1999.04.17"]
[Round "?"]
[White "totoff"]
[Black "Hossa"]
[Result "0-1"]
[WhiteElo "2302"]
[BlackElo "2417"]
[PlyCount "61"]

1. e4 d6 2. d4 Nf6 3. Nc3 Nbd7 4. f4 Nb6 5. Nf3 d5 6. e5 Ne4 7. Bd3 Nxc3 8.
bxc3 Bg4 9. h3 Bxf3 10. Qxf3 e6 11. f5 exf5 12. Bxf5 Be7 13. O-O O-O 14. Bd2
Nc4 15. Bf4 Bg5 16. Rf2 Bxf4 17. Qxf4 Qe8 18. Raf1 Qe7 19. Bd3 Nb2 20. Be2 Qa3
21. Rf3 Na4 22. Rg3 Nxc3 23. Bd3 g6 24. Qf6 Ne2+ 25. Bxe2 Qxg3 26. h4 Qc3 27.
h5 Qxd4+ 28. Kh1 Rae8 29. Rf5 Re6 30. Qg5 f6 31. Rxf6 {totoff resigns} 0-1

[Event "ICS rated bullet match"]
[Site "207.99.83.227"]
[Date "1999.04.17"]
[Round "?"]
[White "Hossa"]
[Black "SuperChicken"]
[Result "0-1"]
[WhiteElo "2438"]
[BlackElo "2714"]
[Annotator "Crafty v16.6"]
[PlyCount "142"]

{annotating for player ossa  using a scoring margin of +0.10 pawns.  search
time limit is 10.00} 1. e4 1... d5 2. exd5 Nf6 3. Bb5+ ({9:+0.51} 3. Bb5+ 3...
Bd7 4. Bc4 b5 5. Bb3 Na6 6. Nf3 Nc5 7. Nc3 Nxb3 8. axb3 $14) ({9:+0.63} 3. c4
3... c6 4. dxc6 Nxc6 5. Nf3 Nd4 6. Nxd4 Qxd4 7. Be2 Be6 8. Na3 $14) 3... Nbd7
4. Nc3 a6 5. Bxd7+ ({9:+0.20} 5. Bxd7+ 5... Bxd7 6. Qf3 Bg4 7. Qf4 Qd6 8. Nge2
Qxf4 9. Nxf4 Bf5 10. d3 10... O-O-O $10) ({9:+0.58} 5. Be2 5... Nb6 6. Nf3
Nfxd5 7. O-O Nf4 8. d3 Nxe2+ 9. Qxe2 Bg4 10. Bg5 $14) 5... Bxd7 6. Nge2 Bg4 7.
f3 Bc8 8. d4 Nxd5 9. Nxd5 Qxd5 10. O-O Bf5 11. Ng3 ({9:-0.09} 11. Ng3 11... Be6
12. Ne2 O-O-O 13. Be3 g5 14. Qd2 Bh6 15. Rae1 $10) ({9:+0.04} 11. Bf4 11...
O-O-O 12. c4 Qd7 13. Re1 e6 14. Qb3 Bd6 15. Qe3 $10) 11... Bg6 12. c3 O-O-O 13.
Be3 Kb8 14. Re1 f6 15. Qa4 e6 16. c4 Qd7 17. Qb3 Bd6 18. Ne4 Bxe4 19. fxe4 Rhf8
20. Rec1 Be7 21. Qc3 f5 22. e5 f4 23. Bf2 Qe8 24. Qf3 Bb4 25. Qb3 Bd2 26. Rd1
Ba5 27. d5 Qg6 28. Kh1 Qg4 29. h3 Qe2 30. Bh4 Rde8 31. d6 cxd6 32. exd6 f3 33.
Rg1 f2 34. Rgf1 g5 35. Bg3 Ka8 36. Bxf2 Rxf2 37. Rxf2 Qxf2 38. Qa4 Rd8 39. Qxa5
Rxd6 40. Qxg5 Qxb2 41. Re1 Qxa2 42. Rxe6 Rd1+ 43. Kh2 Qxc4 44. Re7 Qd4 45. Kg3
Rd3+ 46. Kh2 Qd6+ 47. Kg1 Ka7 48. Rxh7 Rd1+ 49. Kf2 Qd4+ 50. Kg3 Qd3+ 51. Kh2
Qxh7 52. h4 Qc7+ 53. Kh3 Rh1+ 54. Kg4 Rxh4+ 55. Qxh4 Qc4+ 56. Kg3 Qxh4+ 57.
Kxh4 b5 58. Kg5 b4 59. Kg6 b3 60. Kg7 b2 61. g4 b1=Q 62. g5 a5 63. Kh8 Qc1 64.
g6 Qh6+ 65. Kg8 Qxg6+ 66. Kh8 Qf6+ 67. Kg8 a4 68. Kh7 a3 69. Kg8 a2 70. Kh7
a1=Q 71. Kg8 Qg7# 0-1

[Event "ICS rated bullet match"]
[Site "207.99.83.227"]
[Date "1999.04.17"]
[Round "?"]
[White "micioMax"]
[Black "Hossa"]
[Result "0-1"]
[WhiteElo "1966"]
[BlackElo "2433"]
[PlyCount "21"]

1. Nf3 Nf6 2. c4 e6 3. d4 Be7 4. Bd2 d5 5. e4 dxe4 6. Be2 exf3 7. O-O fxe2 8.
Nc3 exd1=Q 9. Nd5 Qxd2 10. Rfe1 exd5 11. Re4 {micioMax resigns} 0-1

[Event "ICS rated blitz match"]
[Site "207.99.83.227"]
[Date "1999.04.17"]
[Round "?"]
[White "jahg"]
[Black "Hossa"]
[Result "0-1"]
[WhiteElo "2198"]
[BlackElo "2438"]
[PlyCount "56"]

1. e3 Nc6 2. d4 d5 3. c3 e5 4. Nf3 e4 5. Nfd2 Nf6 6. Be2 Bd6 7. O-O O-O 8. c4
dxc4 9. Nxc4 Bf5 10. Nxd6 cxd6 11. Nc3 Rc8 12. Bd2 Qb6 13. b3 Kh8 14. Na4 Qd8
15. Rc1 Nd5 16. Nc3 Nxc3 17. Bxc3 d5 18. Bb2 Qg5 19. Re1 Nb4 20. a3 Bh3 21. Bf1
Nd3 22. Rxc8 Rxc8 23. Re2 Bg4 24. Qd2 Bxe2 25. Bxe2 Nxb2 26. Bd3 Nxd3 27. Qb4
Rc1+ 28. Qe1 28... Rxe1# {jahg checkmated} 0-1

[Event "ICS rated blitz match"]
[Site "207.99.83.227"]
[Date "1999.04.17"]
[Round "?"]
[White "mkarp"]
[Black "Hossa"]
[Result "0-1"]
[WhiteElo "2150"]
[BlackElo "2449"]
[PlyCount "40"]

1. e4 e5 2. d4 exd4 3. c3 dxc3 4. Bc4 cxb2 5. Bxb2 Bb4+ 6. Kf1 Nf6 7. e5 Ng8 8.
e6 f6 9. Qb3 Qe7 10. exd7+ Nxd7 11. Nc3 Bxc3 12. Bxc3 Nc5 13. Qc2 Ne6 14. Nf3
Bd7 15. Re1 O-O-O 16. Nd4 Nxd4 17. Bxd4 Qa3 18. f3 Nh6 19. Bb3 Bb5+ 20. Bc4
20... Qa6 {mkarp resigns} 0-1